Panorama de la novela cubana de la revolución : 1959-1970 /

Estudio panorámico de la novela cubana de la segunda mitad del siglo XX que tiene como propósito determinar hasta qué punto las circunstancias históricas y políticas han influido en la práctica literaria y cuál ha sido la reacción literaria provocada por las circunstancias. El autor resume el argume...

ver descrição completa

Na minha lista:
Detalhes bibliográficos
Autor principal: Méndez y Soto, Ernesto (autor)
Formato: Livro
Idioma:espanhol
Publicado em: Miami, EUA : Universal, 1977, c1977
Colecção:(Polymita)
Assuntos:
Tags: Adicionar Tag
Sem tags, seja o primeiro a adicionar uma tag!

MARC

LEADER 00000nam^a2200000^a^4500
001 000153933
005 20250521000000.0
009 20260310100336.773
037 |a Acervo ITESO - Biblioteca 
041 |a ESP 
082 |a 860. 97291064  |b MEN 
100 |a Méndez y Soto, Ernesto  |e (autor) 
245 1 0 |a Panorama de la novela cubana de la revolución :  |b 1959-1970 /  |c E. Méndez y Soto. 
264 4 |a Miami, EUA :  |b Universal,  |c 1977, c1977 
300 |a 262 p. 
336 |a texto  |b txt  |2 rdacontenido 
337 |a sin mediación  |b n  |2 rdamedio 
338 |a volumen  |b nc  |2 rdasoporte 
440 1 |a (Polymita) 
520 |a Estudio panorámico de la novela cubana de la segunda mitad del siglo XX que tiene como propósito determinar hasta qué punto las circunstancias históricas y políticas han influido en la práctica literaria y cuál ha sido la reacción literaria provocada por las circunstancias. El autor resume el argumento de la mayoría de las novelas estudiadas, en vista de la poca distribución que éstas han tenido. 
649 |a XX 
650 |a Novela Cubana -  |x Historia y Crítica 
650 |a Literatura Cubana -  |y 1960-1969 
650 |a Literatura Cubana -  |y Siglo XX 
650 |a Literatura Cubana -  |x Historia y Crítica 
650 |a Literatura y Política 
650 |a Literatura e Historia 
650 |a Literatura y Sociedad 
650 |a Exilio -  |z Cuba 
650 |a Política -  |z Cuba -  |x Historia -  |y 1959-1990 
650 |a Política -  |z Cuba -  |x Historia -  |y 1959-2006 
650 |a Política -  |z Cuba -  |x Historia -  |y Siglo XX 
910 |a Fondo General 
920 |a Impresos - Libros 
930 |a Colección General 
940 |a Literatura 
905 |a 101 
901 |a 0500085625  |b IT1  |c LIT  |u 20250521 
902 |a https://opac.biblio.iteso.mx/vufind/Record/000153933